Bands by Emoji Quiz #2 - Statistics

General Stats
  • This quiz has been taken 52 times
  • The average score is 8 of 20
Answer Stats
Emoji Band % Correct
🌽 Korn
83%
πŸ¦πŸ’€ Gorillaz
77%
9οΈβƒ£πŸ“πŸ’… Nine Inch Nails
73%
πŸšͺπŸšͺπŸšͺ The Doors
69%
βš«πŸ”‘πŸ”‘ Black Keys
65%
πŸ‘§β›“ Alice in Chains
63%
πŸ•³ Hole
56%
βž•4️⃣1️⃣ Sum 41
50%
πŸ—£πŸ—£πŸ—£ Talking Heads
48%
πŸ”—βž‘οΈπŸž Linkin Park
38%
5οΈβƒ£β²πŸŒž 5 Seconds of Summer
33%
πŸ‘‰πŸ‘ŒπŸ”« Sex Pistols
33%
πŸ”πŸπŸ The Mountain Goats
31%
πŸ”₯πŸ’‹ The Flaming Lips
25%
πŸ§‘β€βš•πŸ§‘β€βš•πŸ§‘β€βš• The Doctors
23%
πŸ”ŠπŸŒ»πŸͺ» Soundgarden
19%
πŸ–πŸ“ The Cranberries
17%
😴🎭 Dream Theater
8%
β¬‡οΈπŸŒŽ Underworld
8%
πŸŠπŸ‘πŸ“ˆ Florida Georgia Line
6%
No matching quizzes found
Score Distribution
Percent of People with Each Score
Percentile by Number Answered
Your Score History
You have not taken this quiz